000 00469nam a22001817a 4500
003 MPLRDC
005 20220104114406.0
008 210129b ||||| |||| 00| 0 eng d
082 _a830.8 SBSX v.41
100 _a时报文化出版公司编
245 _a人间小故事
_c
250 _a十二版
260 _a
_b时报文化出版事业有限
_c1983
300 _b
490 _a时报书系. 41
650 _a中国文学总集
942 _cBK
_o830.8 SBSX v.41
999 _c7113
_d7103